000 00680cam a22002413a 4500
001 13157
003 PGUSA
005 20140828083302.0
008 040810s2004||||xxu|||||s|||||000 | eng d
040 _aPGUSA
_beng
042 _adc
050 4 _aDA
245 1 0 _aIs Ulster Right?
_h[electronic resource] /
_cAnonymous
260 _bProject Gutenberg,
_c2004
506 _aPublic domain in the USA.
516 _aElectronic text
653 _aHome rule -- Ireland
653 _aIreland -- Politics and government
653 _aUlster (Northern Ireland and Ireland)
830 0 _aProject Gutenberg
_v13157
856 4 0 _uhttp://www.gutenberg.org/ebooks/13157
942 _cEB
999 _c242412
_d242412